<?xml version="1.0" encoding="UTF-8"?>
<record
    xmlns:xsi="http://www.w3.org/2001/XMLSchema-instance"
    xsi:schemaLocation="http://www.loc.gov/MARC21/slim http://www.loc.gov/standards/marcxml/schema/MARC21slim.xsd"
    xmlns="http://www.loc.gov/MARC21/slim">

  <leader>00965nam a22001457a 4500</leader>
  <datafield tag="999" ind1=" " ind2=" ">
    <subfield code="c">7701</subfield>
    <subfield code="d">7701</subfield>
  </datafield>
  <controlfield tag="008">230404b           ||||| |||| 00| 0 eng d</controlfield>
  <datafield tag="040" ind1=" " ind2=" ">
    <subfield code="a">CDMR</subfield>
  </datafield>
  <datafield tag="245" ind1=" " ind2=" ">
    <subfield code="a">En el AVE con humor 2 </subfield>
    <subfield code="c">/ [Coordinaci&#xF3;n del libro: Jaume Capdevila, "Kap"]</subfield>
  </datafield>
  <datafield tag="260" ind1=" " ind2=" ">
    <subfield code="a">[Le&#xF3;n] : </subfield>
    <subfield code="b">[Gr&#xE1;ficas Celarayn], </subfield>
    <subfield code="c">DL 2022</subfield>
  </datafield>
  <datafield tag="300" ind1=" " ind2=" ">
    <subfield code="a">105 p&#xE0;gines</subfield>
  </datafield>
  <datafield tag="505" ind1=" " ind2=" ">
    <subfield code="a">Al costat de KAP, s&#x2019;han unit al projecte dibuixants dels principals mitjans, com I&#xF1;aki y Frenchy, Ant, Arranz, Micki y Duarte, Quel, JM Nieto, Espinosa, Jab, Don Julio, Ventura, Ermengol, Jos&#xE9; Orcajo, Pinto&amp;Chinto, Llu&#xEF;sot, Gallego&amp;Rey, Judit Frigola, Malag&#xF3;n, Enrique, Bernal, Puebla, Ra&#xFA;l, Ana Bel&#xE9;n Rivero, Salazar, L&#xF3;pez Rubi&#xF1;o, Idoia, DGV+ J. Aldeguer, Ricardo, Adela, Jordi March, Turcios, Helena Anillo, Raquel Gu, Maribel Carod, Tres, Pepe Farruqo, Javi Salado, Judas, Faro, Manel F, Nani, Kim, Alfredo, a m&#xE9;s de Matias. </subfield>
  </datafield>
  <datafield tag="650" ind1=" " ind2="0">
    <subfield code="9">3084</subfield>
    <subfield code="a">Humorisme gr&#xE0;fic</subfield>
    <subfield code="z">Espanya</subfield>
  </datafield>
  <datafield tag="700" ind1="0" ind2=" ">
    <subfield code="9">1346</subfield>
    <subfield code="a">Kap</subfield>
  </datafield>
  <datafield tag="942" ind1=" " ind2=" ">
    <subfield code="2">udc</subfield>
    <subfield code="c">MON</subfield>
  </datafield>
  <datafield tag="952" ind1=" " ind2=" ">
    <subfield code="0">0</subfield>
    <subfield code="1">0</subfield>
    <subfield code="2">udc</subfield>
    <subfield code="4">0</subfield>
    <subfield code="7">0</subfield>
    <subfield code="a">CDMR</subfield>
    <subfield code="b">CDMR</subfield>
    <subfield code="d">2023-04-04</subfield>
    <subfield code="e">Donatiu</subfield>
    <subfield code="l">0</subfield>
    <subfield code="o">Di 5/53</subfield>
    <subfield code="p">CDMR23040004</subfield>
    <subfield code="r">2023-04-04</subfield>
    <subfield code="w">2023-04-04</subfield>
    <subfield code="y">MON</subfield>
  </datafield>
</record>
